000
00202 a2200097 4500
001
9211
100
_a
Rogers, H C B
245
_a
The act of creation
260
_a
_b
Hutchinson
_c
090
_c
7382
_d
7382
942
_a
NUST-CAE
_c
M
_c
34025
999
_c
244284
_d
244284